Freshwater algae of North America : Ecology and classification

Salvato in:
Dettagli Bibliografici
Natura: Libro
Lingua:Undetermined
Pubblicazione: Amsterdam, The Netherlands Academic Press 2003
Soggetti:
Tags: Aggiungi Tag
Nessun Tag, puoi essere il primo ad aggiungerne! !
Thư viện lưu trữ: Trung tâm Học liệu Trường Đại học Cần Thơ
LEADER 00534nam a2200181Ia 4500
001 CTU_67870
008 210402s9999 xx 000 0 und d
082 |a 579.8097 
082 |b F885 
245 0 |a Freshwater algae of North America : 
245 0 |b Ecology and classification 
245 0 |c Edited by John D. Wehr and Robert G. Sheath 
260 |a Amsterdam, The Netherlands 
260 |b Academic Press 
260 |c 2003 
650 |a Freshwater algae 
904 |i Minh 
980 |a Trung tâm Học liệu Trường Đại học Cần Thơ